000 00305nam a2200121Ia 4500
008 220204s9999 xx 000 0 und d
082 _a331.446
_bDUN
100 _aDUNLOP, John T
245 0 _aLabour in the twentieth century
260 _aNew York
_bAcademic
_c1978
700 _aGALANSON, W
942 _cBK
999 _c34419
_d34419